Detalles MARC
| 000 -CABECERA |
| Longitud fija campo de control |
01943nas a2200409 c 4500 |
| 001 - NÚMERO DE CONTROL |
| Número de control |
25698 |
| 003 - IDENTIFICADOR DE NÚMERO DE CONTROL |
| Identificador del número de control |
ES-MaCES |
| 005 - FECHA Y HORA DE LA ÚLTIMA TRANSACCIÓN |
| Fecha y hora de la última transacción |
20250410094137.0 |
| 008 - CAMPO FIJO DE DESCRIPCIÓN FIJA--INFORMACIÓN GENERAL |
| Códigos de información de longitud fija |
980518d19972007sp m| | 0spa d |
| 022 1# - ISSN (INTERNATIONAL STANDARD SERIAL NUMBER) |
| Número Internacional Normalizado para Publicaciones Seriadas |
1138-4956 |
| 035 ## - NÚMERO DE CONTROL DEL SISTEMA |
| Número de control del sistema |
CES19980006815p |
| Número de control cancelado;no válido |
10697 |
| 040 ## - FUENTE DE CATALOGACIÓN |
| Centro catalogador de origen |
ES-MaCES |
| Lengua de catalogación |
spa |
| Centro transcriptor |
ES-MaCES |
| 245 00 - MENCIÓN DE TÍTULO |
| Título |
Observatorio de relaciones industriales |
| Resto del título |
: boletín español del Observatorio Europeo de Relaciones Industriales (EIRO) |
| Mención de responsabilidad, etc. |
Fundación Europea para la mejora de las condiciones de vida y trabajo ; [elaboración del boletín español] Fundación CIREM Y QUIT-UAB |
| 260 ## - PUBLICACIÓN, DISTRIBUCIÓN, ETC (PIE DE IMPRENTA) |
| Lugar de publicación, distribución, etc. |
Madrid (Huertas, 73, 28014) |
| Nombre del editor, distribuidor, etc. |
Consejo Económico y Social |
| Fecha de publicación, distribución, etc. |
1997-2007 |
| 300 ## - DESCRIPCIÓN FÍSICA |
| Extensión |
v. |
| Dimensiones |
30 cm |
| 310 ## - PERIODICIDAD ACTUAL DE LA PUBLICACIÓN |
| Periodicidad actual |
Mensual |
| 362 0# - DATOS DE LA PUBLICACIÓN Y/O DESIGNACIÓN SECUENCIAL |
| Fecha de publicación y;o designación secuencial |
N. 1 (nov. 1997)-n. 100 (abr.-mayo 2007) |
| 500 ## - NOTA GENERAL |
| Nota general |
Continuada por: Cauces |
| 500 ## - NOTA GENERAL |
| Nota general |
A partir del n. 7 (mayo 1998), la entidad responsable es el Gabinete de Estudios de Consejo Económico y Social |
| 541 ## - NOTA DE LA FUENTE INMEDIANTE DE ADQUISICIÓN |
| Forma de adquisición |
Gratuito |
| 650 #4 - ASIENTO SECUNDARIO DE MATERIA--TÉRMINO DE MATERIA |
| Término de materia o nombre geográfico como elemento inicial |
negociación colectiva |
| 9 (RLIN) |
28362 |
| 650 #4 - ASIENTO SECUNDARIO DE MATERIA--TÉRMINO DE MATERIA |
| 9 (RLIN) |
28369 |
| Término de materia o nombre geográfico como elemento inicial |
relaciones laborales |
| 650 #4 - ASIENTO SECUNDARIO DE MATERIA--TÉRMINO DE MATERIA |
| 9 (RLIN) |
26752 |
| Término de materia o nombre geográfico como elemento inicial |
UE |
| 653 10 - TÉRMINO DE INDEXACIÓN--NO CONTROLADO |
| Término no controlado |
Informes de coyuntura |
| 710 2# - ENCABEZAMIENTO SECUNDARIO--NOMBRE CORPORATIVO |
| Nombre de entidad o nombre de jurisdicción como elemento inicial |
Consejo Económico y Social (España) |
| Unidad subordinada |
Gabinete de Estudios |
| 9 (RLIN) |
2417 |
| 710 2# - ENCABEZAMIENTO SECUNDARIO--NOMBRE CORPORATIVO |
| 9 (RLIN) |
3819 |
| Nombre de entidad o nombre de jurisdicción como elemento inicial |
Fundación Europea para la Mejora de las Condiciones de Vida y de Trabajo |
| 710 2# - ENCABEZAMIENTO SECUNDARIO--NOMBRE CORPORATIVO |
| Nombre de entidad o nombre de jurisdicción como elemento inicial |
Consejo Económico y Social (España) |
| Término indicativo de función |
ed. |
| 9 (RLIN) |
2408 |
| 710 2# - ENCABEZAMIENTO SECUNDARIO--NOMBRE CORPORATIVO |
| Nombre de entidad o nombre de jurisdicción como elemento inicial |
Fundación Centro de Iniciativas e Investigaciones Europeas en el Mediterráneo |
| Término indicativo de función |
trad. |
| 9 (RLIN) |
3777 |
| 785 00 - ENTRADA POSTERIOR |
| Título |
Cauces : cuadernos del Consejo Económico y Social |
| Número de control del registro relacionado |
(ES-MaCES)26015 |
| 853 21 - LEYENDAS Y PATRÓN--UNIDAD BIBLIOGRÁFICA BÁSICA |
| Segundo nivel de enumeración |
n. |
| Primer nivel de cronología |
año |
| Segundo nivel de cronología |
mes |
| Continuidad en la numeración |
c |
| Frecuencia |
m |
| Patrón de regularidad |
pm01,02,03,04,05,06,08,10,11,12 |
| 856 41 - ACCESO ELECTRÓNICO |
| Identificador Uniforme del Recurso (URI) |
https://www.ces.es/revista-cauces |
| Nota pública |
texto completo en el buscador desde n. 1 (1997) hasta nº 100 (2007) |
| 866 #0 - FUENTES TEXTUALES--UNIDAD BIBLIOGRÁFICA BÁSICA |
| Holdings textuales |
1997-2007. |
| Nota pública |
Ubicación: DEPÓSITO - 10697 |
| 905 ## - CES. DATOS REVISTA |
| Boletín de sumarios (Sirtex 591$a) |
Boletín B |
| Kardex |
SÍ |
| Proceso |
+ |
| 942 ## - ELEMENTOS KOHA |
| Fuente de clasificaión o esquema |
Clasificación propia del CES |
| Koha [por defecto] tipo de item |
Periódicas |
| Parte de clasificación |
Información General y Anuarios |